The Nature of Solids (Record no. 36036)

MARC details
000 -LEADER
fixed length control field 00411nam a2200181Ia 4500
020 ## - INTERNATIONAL STANDARD BOOK NUMBER
ISBN 0-486-277077-7
050 ## - CALL MARK
Classification number QC176.H6/
100 ## - STATEMENT OF RESPONSIBILITY--MAIN AUTHOR NAME
Personal name Alan Holden
245 #4 - TITLE STATEMENT
Title The Nature of Solids
260 ## - PUBLICATION, DISTRIBUTION, ETC. (IMPRINT)
Place of publication New York
260 ## - PUBLICATION, DISTRIBUTION, ETC. (IMPRINT)
Name of publisher Columbia University Press
260 ## - PUBLICATION, DISTRIBUTION, ETC. (IMPRINT)
Year of publication 1965
300 ## - PHYSICAL DESCRIPTION
Number of Pages 233 p
650 ## - SUBJECT ADDED ENTRY--TOPICAL TERM
Topical Term Solids
942 ## - ADDED ENTRY ELEMENTS (KOHA)
Koha item type Books
Holdings
Withdrawn status Lost status Source of classification or shelving scheme Damaged status Not for loan Permanent Location Current Location Date acquired Accession Number Price effective from Koha item type
    Library of Congress Classification     NILE UNIVERSITY OF NIGERIA - MAIN LIBRARY NILE UNIVERSITY OF NIGERIA - MAIN LIBRARY 04/23/2025 0008115 04/23/2025 Books